Vulnerability assessment and adaptation planning : (Record no. 5503)
[ view plain ]
| 000 -LEADER | |
|---|---|
| fixed length control field | 00510nam a2200169 4500 |
| 001 - CONTROL NUMBER | |
| control field | 6530 |
| 020 00 - INTERNATIONAL STANDARD BOOK NUMBER | |
| International Standard Book Number | 9789937865012 |
| 110 ## - MAIN ENTRY--CORPORATE NAME | |
| Corporate name or jurisdiction name as entry element | WWF Nepal and CARE Nepal. |
| Subordinate unit | |
| Location of meeting | |
| Date of meeting or treaty signing | |
| Relator term | |
| Number of part/section/meeting | |
| Name of part/section of a work | |
| 245 00 - TITLE STATEMENT | |
| Title | Vulnerability assessment and adaptation planning : |
| Remainder of title | training of trainers manual / |
| Statement of responsibility, etc. | |
| Medium | |
| 260 00 - PUBLICATION, DISTRIBUTION, ETC. | |
| Place of publication, distribution, etc. | Nepal : |
| Name of publisher, distributor, etc. | WWF Nepal and CARE Nepal, |
| Date of publication, distribution, etc. | 2014. |
| 300 00 - PHYSICAL DESCRIPTION | |
| Extent | 104 p.: col.ill ; 39 cm. |
| 500 ## - GENERAL NOTE | |
| General note | At head of title: Hariyo Ban Program. |
| 650 00 - SUBJECT ADDED ENTRY--TOPICAL TERM | |
| Topical term or geographic name entry element | |
| General subdivision | |
| Topical term or geographic name entry element | |
| General subdivision | |
| Topical term or geographic name entry element | |
| General subdivision | |
| Withdrawn status | Lost status | Source of classification or shelving scheme | Damaged status | Not for loan | Collection code | Home library | Current library | Shelving location | Date acquired | Serial Enumeration / chronology | Inventory number | Total Checkouts | Full call number | Barcode | Date last seen | Price effective from | Koha item type |
|---|---|---|---|---|---|---|---|---|---|---|---|---|---|---|---|---|---|
| Dewey Decimal Classification | Main TEST | RTC Library | RTC Library | Main opac | 27/11/2018 | 10278 | 307.12 REG | 30011440 | 27/11/2018 | 27/11/2018 | Main |